Asbestos sampling and analysis /

Bibliographic Details
Main Author: Rajhans, Gyan S.
Other Authors: Sullivan, John Leslie, 1917-
Format: Book
Language:English
Published: Ann Arbor, Mich. : Ann Arbor Science Publishers, [1981]
Subjects:

MARC

Tag First Indicator Second Indicator Subfields
LEADER 00000cam a2200000 a 4500
001 in00000095975
005 20150923173835.0
008 810723s1981 miuac b 00110 eng d
010 |a  80065511  
020 |a 0250403358 
035 |a (OCoLC)07775642 
035 |9 AAK8362AM 
039 0 |a 2  |b 3  |c 3  |d 3  |e 2 
040 |a NLM  |c NLM  |d TXA  |d UtOrBLW 
049 |a TXAM  |c [1806237] 
060 0 |a WA 450 R161a 1981 
069 0 |a 8106346 
090 |a TD884.5  |b  R3 
100 1 |a Rajhans, Gyan S. 
245 1 0 |a Asbestos sampling and analysis /  |c by Gyan S. Rajhans, John L. Sullivan. 
264 1 |a Ann Arbor, Mich. :  |b Ann Arbor Science Publishers,  |c [1981] 
264 4 |c ©1981 
300 |a x, 266 pages :  |b illustrations, portraits ;  |c 24 cm. 
336 |a text  |b txt  |2 rdacontent 
337 |a unmediated  |b n  |2 rdamedia 
338 |a volume  |b nc  |2 rdacarrier 
504 |a Includes bibliographical references and index. 
650 0 |a Asbestos. 
650 0 |a Air  |x Pollution  |x Measurement. 
700 1 |a Sullivan, John Leslie,  |d 1917- 
999 |a MARS 
999 f f |s 76b2a941-75e3-3add-bb2f-caba3fd05b32  |i c8a428fb-05fb-3d6f-83d4-f41d7b77176e  |t 0 
952 f f |p ric  |a Texas A&M University  |b Rellis Campus  |c Joint Library Facility  |d Remote Storage  |t 0  |e TD884.5 R3  |h Library of Congress classification  |i unmediated -- volume  |m A14806049889 
998 f f |a TD884.5 R3  |t 0  |l Remote Storage